|
|
|
|
| LEADER |
00000nam a2200000Ii 4500 |
| 001 |
DIGLANTIA0001 |
| 003 |
NyNyDIG |
| 007 |
cr ||||||||||| |
| 008 |
230414s2015 sp ob 000 0 spa d |
| 006 |
m o d |
| 020 |
|
|
|z 9781629346120
|
| 035 |
|
|
|a (OCoLC)1004953296
|
| 040 |
|
|
|a DGITA
|b eng
|e rda
|e pn
|c DGITA
|
| 050 |
1 |
4 |
|a PN4181 ebook
|
| 100 |
1 |
|
|a Reyes Almarza, Miguel M.,
|e author.
|
| 245 |
1 |
0 |
|a Argumentación para todos :
|b manual teórico-práctico para educadores, estudiantes y curiosos sobre la argumentación /
|c Miguel M. Reyes Almarza, Noelia M. Escalona Gálvez.
|
| 264 |
|
1 |
|a Sevilla, España :
|b Pentian,
|c [2015]
|
| 300 |
|
|
|a 1 online resource.
|
| 336 |
|
|
|a text
|b txt
|2 rdacontent
|
| 337 |
|
|
|a computer
|b c
|2 rdamedia
|
| 338 |
|
|
|a online resource
|b cr
|2 rdacarrier
|
| 347 |
|
|
|a text file
|2 rdaft
|
| 347 |
|
|
|b EPUB
|
| 504 |
|
|
|a Includes bibliographical references.
|
| 588 |
0 |
|
|a Online resource; title from ePub title page (Digitalia, viewed April 14, 2023)
|
| 650 |
|
0 |
|a Debates and debating
|x Study and teaching.
|
| 650 |
|
0 |
|a Public speaking.
|
| 700 |
1 |
|
|a Escalona Gálvez, Noelia M.,
|e author.
|
| 791 |
2 |
|
|a Digitalia (Firm),
|e distributor.
|
| 793 |
0 |
|
|g Digitalia eBook Collection:
|a Lantia
|
| 776 |
0 |
8 |
|i Print version:
|a Reyes Almarza, Miguel M.
|t Argumentación para todos.
|b Primera edición.
|d Sevilla, España : Pentian, [2015]
|z 9781629346120
|
| 856 |
4 |
0 |
|3 Digitalia Hispánica
|u https://www.digitaliapublishing.com/a/87468/
|
| 910 |
|
|
|a Premium collection: 2023
|